Tính hợp pháp và tính hợp lý của quyết định hành chính Sách chuyên khảo
Guardat en:
| Autor principal: | |
|---|---|
| Format: | Llibre |
| Publicat: |
Hà Nội
Chính trị Quốc gia - sự thật
2015
|
| Matèries: | |
| Etiquetes: |
Afegir etiqueta
Sense etiquetes, Sigues el primer a etiquetar aquest registre!
|
| Thư viện lưu trữ: | Trung tâm Học liệu Lê Vũ Hùng, Trường Đại học Đồng Tháp |
|---|
| LEADER | 00918pam a22003018a 4500 | ||
|---|---|---|---|
| 001 | 00036032 | ||
| 005 | 20171026081025.0 | ||
| 008 | 170112s2015 ||||||Viesd | ||
| 020 | # | # | |a 978 604 57 1511 6 |c 64000 |
| 041 | 0 | # | |a Vie |
| 082 | 1 | 4 | |b T312H |a 352.3 |
| 100 | 1 | # | |a Bùi, Thị Đào |
| 245 | 0 | 0 | |b Sách chuyên khảo |c Bùi Thị Đào |a Tính hợp pháp và tính hợp lý của quyết định hành chính |
| 260 | # | # | |a Hà Nội |b Chính trị Quốc gia - sự thật |c 2015 |
| 300 | # | # | |a 248 tr. |c 21 cm. |
| 653 | # | # | |a Hành chính |
| 653 | # | # | |a Quyết định |
| 653 | # | # | |a Sách chuyên khảo |
| 653 | # | # | |a Việt Nam |
| 852 | # | # | |b Kho đọc |j KD.0019466 |
| 852 | # | # | |j KD.0019466 |
| 910 | 0 | # | |d 27/5/2015 |
| 980 | # | # | |a Trung tâm Học liệu Lê Vũ Hùng, Trường Đại học Đồng Tháp |